Normal view
MARC view
- Layard, P. R. G.
Entry Personal Name
001 - CONTROL NUMBER
- control field: 15736
003 - CONTROL NUMBER IDENTIFIER
- control field: OSt
005 - DATE AND TIME OF LATEST TRANSACTION
- control field: 20260311203207.0
008 - FIXED-LENGTH DATA ELEMENTS
- fixed length control field: 260311|| aca||aabn | a|a d
040 ## - CATALOGING SOURCE
- Original cataloging agency: OSt
- Transcribing agency: OSt
100 ## - HEADING--PERSONAL NAME
- Personal name: Layard, P. R. G.
- Fuller form of name: (P. Richard G.).
- Title of a work: Unemployment
670 ## - SOURCE DATA FOUND
- Source citation: Work cat.: (OSt)6187: Layard, Richard. 15732, The unemployment crisis /, c1994.